Zjišťování anthelmintické účinnosti biologicky aktivních látek rostlin : metodika /

Hlavní autor: Vadlejch, Jaroslav, 1979-
Korporativní autor: Česká zemědělská univerzita v Praze. Katedra zoologie a rybářství
Další autoři: Burešová, Eva, Langrová, Iva, 1964-
Jazyk: Čeština
Vydáno: Praha : Powerprint s.r.o., 2018
Vydání: Vydání: první
Edice: Metodika
Témata:
Fyzický popis: 56 stran : barevné ilustrace ; 21 cm
Knihy
Uloženo v:
LEADER 02612nam a2200673 i 4500
001 nkc20183061155
003 CZ PrNK
005 20231003093354.0
007 ta
008 181211s2018 xr a f f 000 0 cze
015 |a cnb003061155 
020 |a 978-80-213-2912-6  |q (brožováno) 
035 |a (OCoLC)1104143081 
040 |a OLA001  |b cze  |e rda 
072 7 |a 636.09  |x Veterinární lékařství  |2 Konspekt  |9 24 
080 |a 636.09:616.99  |2 MRF 
080 |a 595.132  |2 MRF 
080 |a 636.2/.3  |2 MRF 
080 |a 615.015.8  |2 MRF 
080 |a 615.284  |2 MRF 
080 |a 577.1  |2 MRF 
080 |a 615.89:633.88  |2 MRF 
080 |a (072)  |2 MRF 
100 1 |a Vadlejch, Jaroslav,  |d 1979-  |7 mzk2006324244  |4 aut 
245 1 0 |a Zjišťování anthelmintické účinnosti biologicky aktivních látek rostlin :  |b metodika /  |c Jaroslav Vadlejch, Eva Burešová, Iva Langrová 
250 |a Vydání: první 
264 1 |a Praha :  |b Powerprint s.r.o.,  |c 2018 
300 |a 56 stran :  |b barevné ilustrace ;  |c 21 cm 
336 |a text  |b txt  |2 rdacontent 
337 |a bez média  |b n  |2 rdamedia 
338 |a svazek  |b nc  |2 rdacarrier 
490 1 |a Metodika 
500 |a Nad názvem: Česká zemědělská univerzita v Praze, Fakulta agrobiologie, potravinových a přírodních zdrojů, katedra zoologie a rybářství 
504 |a Obsahuje bibliografii a bibliografické odkazy 
650 0 7 |a veterinární parazitologie  |7 ph138293  |2 czenas 
650 0 7 |a hlístice  |7 ph114679  |2 czenas 
650 0 7 |a přežvýkavci  |7 ph115988  |2 czenas 
650 0 7 |a farmakorezistence  |7 ph271397  |2 czenas 
650 0 7 |a anthelmintika  |7 ph202647  |2 czenas 
650 0 7 |a biologicky aktivní látky  |7 ph137380  |2 czenas 
650 0 7 |a fytoterapie  |7 ph120421  |2 czenas 
650 0 9 |a veterinary parasitology  |2 eczenas 
650 0 9 |a Nematodes  |2 eczenas 
650 0 9 |a ruminants  |2 eczenas 
650 0 9 |a pharmacoresistance  |2 eczenas 
650 0 9 |a anthelmintics  |2 eczenas 
650 0 9 |a bioactive compounds  |2 eczenas 
650 0 9 |a phytotherapy  |2 eczenas 
655 7 |a metodické příručky  |7 fd132826  |2 czenas 
655 9 |a methodological manuals  |2 eczenas 
700 1 |a Burešová, Eva  |7 ola20191035865  |4 aut 
700 1 |a Langrová, Iva,  |d 1964-  |7 ola2002142292  |4 aut 
710 2 |a Česká zemědělská univerzita v Praze.  |b Katedra zoologie a rybářství  |7 xx0052950  |4 isb 
810 2 |a Česká zemědělská univerzita v Praze.  |t Metodika  |0 s 
910 2 |a BOA001  |b 2-1427.337 
990 |a BK 
995 |a 01 
991 |b 201905  |c NOV 
996 6 |b 2610780790  |c 2-1427.337  |l MZK  |r Sklad / do 1 hodiny  |n 0  |p p.v.  |w 001722149  |u 000010  |a 1  |e BOA001  |j MZK50  |s P